| 000 | 00909cam a22003137a 4500 | ||
|---|---|---|---|
| 001 | 16199965 | ||
| 003 | OSt | ||
| 005 | 20140310182903.0 | ||
| 008 | 100423s2008 ph a 000 0 tgl | ||
| 010 | _a 2010338388 | ||
| 020 | _a9789719414001 | ||
| 040 |
_aDLC _cDLC _dDLC |
||
| 042 | _alcode | ||
| 050 | 0 | 0 |
_aHD 5856 _b.G216 2008 |
| 082 |
_aFIL 910.4 _bG216 2008 |
||
| 100 | 1 | _aGarcia, Manny A. | |
| 245 | 1 | 0 |
_aKapeng Arabo _cGarcia, Manny A. |
| 260 |
_aManila _bMango Pub. _cc2008 |
||
| 300 |
_a144 p. _bill. _c19 cm. |
||
| 520 | _aA collection of stories and day-to-day issues of Pinoys working in Saudi Arabia. | ||
| 521 | _aCollege | ||
| 526 | _c1210L-1700L | ||
| 541 | _j1 | ||
| 546 | _aIn Tagalog. | ||
| 562 | _e1 | ||
| 906 |
_a7 _bcbc _corigode _d4 _encip _f20 _gy-gencatlg |
||
| 942 |
_2lcc _cBK _kFIL |
||
| 999 |
_c17116 _d17116 |
||